[Event "DEM U10 2024"]
[Site "Willingen GER"]
[Date "2024.05.25"]
[Round "11"]
[White "Egert, Niilo"]
[Black "König, Marius"]
[Result "1/2-1/2"]
[Termination "normal"]
[Board "22"]
[WhiteElo "1105"]
[BlackElo "1356"]
[WhiteClock "01:00:54"]
[BlackClock "00:48:35"]
[PlyCount "53"]
[WhiteFideId "533001774"]
[BlackFideId "533001812"]
[EventCountry "GER"]
[EventRounds "11"]
[EventType "swiss"]
[EventDate "2024.05.18"]

1. d4 {[%clk 01:15:55]} {[%emt 00:00:05]} d5 {[%clk 01:15:48]} {[%emt
00:00:13]} 2. Bf4 {[%clk 01:15:48]} {[%emt 00:00:36]} Nf6 {[%clk 01:15:22]}
{[%emt 00:00:55]} 3. e3 {[%clk 01:15:16]} {[%emt 00:01:02]} Bf5 {[%clk
01:14:56]} {[%emt 00:00:57]} 4. c3 {[%clk 01:14:47]} {[%emt 00:00:59]} e6
{[%clk 01:15:02]} {[%emt 00:00:24]} 5. Nd2 {[%clk 01:14:43]} {[%emt 00:00:33]}
Bd6 {[%clk 01:15:21]} {[%emt 00:00:11]} 6. Bg3 {[%clk 01:14:05]} {[%emt
00:01:08]} Nbd7 {[%clk 01:14:26]} {[%emt 00:01:27]} 7. Ngf3 {[%clk 01:13:49]}
{[%emt 00:00:45]} O-O {[%clk 01:11:22]} {[%emt 00:03:33]} 8. Ne5 {[%clk
01:13:28]} {[%emt 00:00:51]} Ne4 {[%clk 01:08:23]} {[%emt 00:03:29]} 9. Nxe4
{[%clk 01:12:40]} {[%emt 00:01:18]} Bxe4 {[%clk 01:07:04]} {[%emt 00:01:49]}
10. f3 {[%clk 01:12:36]} {[%emt 00:00:34]} Bg6 {[%clk 01:07:21]} {[%emt
00:00:14]} 11. Bd3 {[%clk 01:12:06]} {[%emt 00:01:00]} Nxe5 {[%clk 01:06:51]}
{[%emt 00:01:00]} 12. dxe5 {[%clk 01:12:17]} {[%emt 00:00:18]} Bc5 {[%clk
01:05:56]} {[%emt 00:01:26]} 13. Bxg6 {[%clk 01:12:11]} {[%emt 00:00:36]} fxg6
{[%clk 01:06:12]} {[%emt 00:00:14]} 14. Qd3 {[%clk 01:12:09]} {[%emt 00:00:32]}
c6 {[%clk 01:05:21]} {[%emt 00:01:21]} 15. O-O {[%clk 01:10:07]} {[%emt
00:02:32]} Be7 {[%clk 01:02:40]} {[%emt 00:03:11]} 16. f4 {[%clk 01:09:45]}
{[%emt 00:00:51]} Bh4 {[%clk 01:02:39]} {[%emt 00:00:32]} 17. Bf2 {[%clk
01:08:53]} {[%emt 00:01:21]} Bxf2+ {[%clk 01:01:47]} {[%emt 00:01:22]} 18. Rxf2
{[%clk 01:09:01]} {[%emt 00:00:22]} Qe7 {[%clk 00:58:29]} {[%emt 00:03:49]} 19.
Rd2 {[%clk 01:07:19]} {[%emt 00:02:12]} g5 {[%clk 00:54:36]} {[%emt 00:04:24]}
20. Rf1 {[%clk 01:05:32]} {[%emt 00:02:15]} gxf4 {[%clk 00:52:30]} {[%emt
00:02:37]} 21. exf4 {[%clk 01:05:06]} {[%emt 00:00:56]} Qc5+ {[%clk 00:52:18]}
{[%emt 00:00:43]} 22. Kh1 {[%clk 01:04:26]} {[%emt 00:01:08]} b5 {[%clk
00:49:19]} {[%emt 00:03:31]} 23. g3 {[%clk 01:01:14]} {[%emt 00:03:41]} Qc4
{[%clk 00:48:52]} {[%emt 00:00:57]} 24. Qxc4 {[%clk 01:01:21]} {[%emt
00:00:22]} bxc4 {[%clk 00:49:11]} {[%emt 00:00:12]} 25. Rdf2 {[%clk 01:01:18]}
{[%emt 00:00:32]} Rab8 {[%clk 00:49:18]} {[%emt 00:00:25]} 26. Kg2 {[%clk
01:01:13]} {[%emt 00:00:35]} g6 {[%clk 00:48:35]} {[%emt 00:01:12]} 27. Kf3
{[%clk 01:00:54]} {[%emt 00:00:48]} 1/2-1/2

[Event "DEM U10 2024"]
[Site "Willingen GER"]
[Date "2024.05.25"]
[Round "11"]
[White "Dintinger, Ata Lucien"]
[Black "Menke, Xaver Louis"]
[Result "1-0"]
[Termination "normal"]
[Board "23"]
[WhiteElo "1096"]
[BlackElo "1324"]
[WhiteClock "01:06:24"]
[BlackClock "00:55:01"]
[PlyCount "91"]
[WhiteFideId "34654550"]
[BlackFideId "34663134"]
[EventCountry "GER"]
[EventRounds "11"]
[EventType "swiss"]
[EventDate "2024.05.18"]

1. e4 {[%clk 01:15:57]} {[%emt 00:00:03]} e5 {[%clk 01:15:51]} {[%emt
00:00:09]} 2. f4 {[%clk 01:16:20]} {[%emt 00:00:07]} Nc6 {[%clk 01:15:09]}
{[%emt 00:01:12]} 3. Bc4 {[%clk 01:16:37]} {[%emt 00:00:13]} Nf6 {[%clk
01:14:32]} {[%emt 00:01:07]} 4. Nc3 {[%clk 01:16:54]} {[%emt 00:00:12]} d6
{[%clk 01:13:42]} {[%emt 00:01:21]} 5. Nf3 {[%clk 01:17:09]} {[%emt 00:00:15]}
Be7 {[%clk 01:12:28]} {[%emt 00:01:44]} 6. f5 {[%clk 01:16:36]} {[%emt
00:01:03]} h6 {[%clk 01:10:48]} {[%emt 00:02:09]} 7. d3 {[%clk 01:16:49]}
{[%emt 00:00:18]} Na5 {[%clk 01:09:33]} {[%emt 00:01:45]} 8. Bb3 {[%clk
01:16:13]} {[%emt 00:01:05]} Nxb3 {[%clk 01:08:55]} {[%emt 00:01:08]} 9. axb3
{[%clk 01:16:35]} {[%emt 00:00:08]} g6 {[%clk 01:08:00]} {[%emt 00:01:21]} 10.
fxg6 {[%clk 01:16:30]} {[%emt 00:00:39]} fxg6 {[%clk 01:07:29]} {[%emt
00:01:01]} 11. Be3 {[%clk 01:16:31]} {[%emt 00:00:30]} Ng4 {[%clk 01:07:16]}
{[%emt 00:00:42]} 12. Qd2 {[%clk 01:15:56]} {[%emt 00:01:03]} Nf6 {[%clk
01:03:31]} {[%emt 00:04:17]} 13. Bxh6 {[%clk 01:11:18]} {[%emt 00:05:09]} Ng4
{[%clk 01:02:25]} {[%emt 00:01:36]} 14. Be3 {[%clk 01:10:48]} {[%emt 00:01:00]}
Bh4+ {[%clk 01:00:50]} {[%emt 00:02:04]} 15. Nxh4 {[%clk 01:08:07]} {[%emt
00:03:12]} Qxh4+ {[%clk 00:59:39]} {[%emt 00:01:40]} 16. g3 {[%clk 01:08:16]}
{[%emt 00:00:22]} Qe7 {[%clk 00:58:56]} {[%emt 00:01:12]} 17. Nd5 {[%clk
01:06:38]} {[%emt 00:02:08]} Qd7 {[%clk 00:58:26]} {[%emt 00:01:00]} 18. h3
{[%clk 01:06:08]} {[%emt 00:01:00]} c6 {[%clk 00:58:33]} {[%emt 00:00:24]} 19.
Nc3 {[%clk 01:05:38]} {[%emt 00:01:00]} Qg7 {[%clk 00:57:17]} {[%emt 00:01:45]}
20. O-O-O {[%clk 01:04:59]} {[%emt 00:01:09]} Nxe3 {[%clk 00:56:43]} {[%emt
00:01:05]} 21. Qxe3 {[%clk 01:05:01]} {[%emt 00:00:27]} Bd7 {[%clk 00:56:19]}
{[%emt 00:00:54]} 22. h4 {[%clk 01:02:26]} {[%emt 00:03:05]} b6 {[%clk
00:55:20]} {[%emt 00:01:29]} 23. Rdf1 {[%clk 01:02:06]} {[%emt 00:00:50]} Kd8
{[%clk 00:54:47]} {[%emt 00:02:45]} 24. Qg5+ {[%clk 01:03:29]} {[%emt
00:00:18]} Kc7 {[%clk 00:55:02]} {[%emt 00:00:15]} 25. Rf6 {[%clk 01:03:47]}
{[%emt 00:00:12]} Rh5 {[%clk 00:55:06]} {[%emt 00:00:26]} 26. Qxg6 {[%clk
01:03:48]} {[%emt 00:00:28]} Qxg6 {[%clk 00:54:50]} {[%emt 00:00:46]} 27. Rxg6
{[%clk 01:04:05]} {[%emt 00:00:13]} Rhh8 {[%clk 00:54:26]} {[%emt 00:00:54]}
28. g4 {[%clk 01:04:03]} {[%emt 00:00:34]} Rag8 {[%clk 00:54:18]} {[%emt
00:00:37]} 29. Rxg8 {[%clk 01:04:22]} {[%emt 00:00:11]} Rxg8 {[%clk 00:54:38]}
{[%emt 00:00:10]} 30. g5 {[%clk 01:04:46]} {[%emt 00:00:06]} Be8 {[%clk
00:54:49]} {[%emt 00:00:19]} 31. Kd2 {[%clk 01:05:10]} {[%emt 00:00:07]} Bh5
{[%clk 00:54:59]} {[%emt 00:00:19]} 32. Ke3 {[%clk 01:05:23]} {[%emt 00:00:17]}
Kd7 {[%clk 00:54:34]} {[%emt 00:00:55]} 33. Ne2 {[%clk 01:05:43]} {[%emt
00:00:11]} Bxe2 {[%clk 00:54:08]} {[%emt 00:00:55]} 34. Kxe2 {[%clk 01:06:04]}
{[%emt 00:00:08]} d5 {[%clk 00:54:23]} {[%emt 00:00:16]} 35. Kf3 {[%clk
01:06:28]} {[%emt 00:00:07]} Ke6 {[%clk 00:54:29]} {[%emt 00:00:23]} 36. Kg4
{[%clk 01:06:50]} {[%emt 00:00:08]} Rh8 {[%clk 00:54:29]} {[%emt 00:00:30]} 37.
h5 {[%clk 01:06:57]} {[%emt 00:00:24]} Kf7 {[%clk 00:54:03]} {[%emt 00:00:52]}
38. g6+ {[%clk 01:07:08]} {[%emt 00:00:23]} Kg7 {[%clk 00:54:06]} {[%emt
00:00:26]} 39. Kg5 {[%clk 01:07:30]} {[%emt 00:00:09]} Rf8 {[%clk 00:54:08]}
{[%emt 00:00:21]} 40. h6+ {[%clk 01:07:40]} {[%emt 00:00:26]} Kg8 {[%clk
00:54:22]} {[%emt 00:00:16]} 41. g7 {[%clk 01:07:50]} {[%emt 00:00:20]} Rf2
{[%clk 00:54:27]} {[%emt 00:00:24]} 42. h7+ {[%clk 01:08:03]} {[%emt 00:00:19]}
Kxg7 {[%clk 00:54:18]} {[%emt 00:00:38]} 43. h8=Q+ {[%clk 01:08:18]} {[%emt
00:00:13]} Kf7 {[%clk 00:54:36]} {[%emt 00:00:13]} 44. Rh7+ {[%clk 01:08:32]}
{[%emt 00:00:16]} Ke6 {[%clk 00:54:47]} {[%emt 00:00:18]} 45. Qe8+ {[%clk
01:08:51]} {[%emt 00:00:11]} Kd6 {[%clk 00:55:01]} {[%emt 00:00:18]} 46. Qe7#
{[%clk 01:06:24]} {[%emt 00:00:07]} 1-0

[Event "DEM U10 2024"]
[Site "Willingen GER"]
[Date "2024.05.25"]
[Round "11"]
[White "Löffelholz, Jonas"]
[Black "Jüngling, Leonard"]
[Result "1-0"]
[Termination "normal"]
[Board "25"]
[WhiteElo "1126"]
[BlackElo "1446"]
[WhiteClock "00:55:09"]
[BlackClock "00:40:00"]
[PlyCount "87"]
[WhiteFideId "34616101"]
[BlackFideId "34669116"]
[EventCountry "GER"]
[EventRounds "11"]
[EventType "swiss"]
[EventDate "2024.05.18"]

1. e4 {[%clk 01:15:58]} {[%emt 00:00:01]} e5 {[%clk 01:15:57]} {[%emt
00:00:04]} 2. Nf3 {[%clk 01:16:23]} {[%emt 00:00:05]} Nc6 {[%clk 01:16:23]}
{[%emt 00:00:05]} 3. Bb5 {[%clk 01:16:48]} {[%emt 00:00:05]} a6 {[%clk
01:16:48]} {[%emt 00:00:04]} 4. Ba4 {[%clk 01:17:13]} {[%emt 00:00:04]} d6
{[%clk 01:17:08]} {[%emt 00:00:11]} 5. O-O {[%clk 01:17:37]} {[%emt 00:00:06]}
Bg4 {[%clk 01:17:27]} {[%emt 00:00:10]} 6. h3 {[%clk 01:18:00]} {[%emt
00:00:07]} h5 {[%clk 01:17:45]} {[%emt 00:00:12]} 7. c3 {[%clk 01:17:59]}
{[%emt 00:00:32]} Be6 {[%clk 01:17:21]} {[%emt 00:00:54]} 8. d4 {[%clk
01:18:11]} {[%emt 00:00:18]} b5 {[%clk 01:16:43]} {[%emt 00:01:08]} 9. d5
{[%clk 01:17:18]} {[%emt 00:01:23]} bxa4 {[%clk 01:16:49]} {[%emt 00:00:24]}
10. dxe6 {[%clk 01:17:22]} {[%emt 00:00:25]} fxe6 {[%clk 01:16:51]} {[%emt
00:00:28]} 11. Qxa4 {[%clk 01:17:38]} {[%emt 00:00:14]} Qd7 {[%clk 01:16:57]}
{[%emt 00:00:24]} 12. Ng5 {[%clk 01:16:42]} {[%emt 00:01:27]} d5 {[%clk
01:16:09]} {[%emt 00:01:17]} 13. Rd1 {[%clk 01:16:26]} {[%emt 00:00:47]} Nf6
{[%clk 01:13:57]} {[%emt 00:02:42]} 14. c4 {[%clk 01:14:55]} {[%emt 00:02:00]}
d4 {[%clk 01:14:09]} {[%emt 00:00:19]} 15. Nd2 {[%clk 01:11:56]} {[%emt
00:03:29]} Be7 {[%clk 01:11:02]} {[%emt 00:03:36]} 16. Ndf3 {[%clk 01:12:04]}
{[%emt 00:00:22]} O-O {[%clk 01:09:55]} {[%emt 00:01:38]} 17. Nh4 {[%clk
01:07:56]} {[%emt 00:04:36]} Nxe4 {[%clk 01:06:26]} {[%emt 00:04:00]} 18. Nxe4
{[%clk 01:07:13]} {[%emt 00:01:13]} Bxh4 {[%clk 01:06:08]} {[%emt 00:00:47]}
19. Bg5 {[%clk 01:07:20]} {[%emt 00:00:24]} Bxg5 {[%clk 01:05:11]} {[%emt
00:01:27]} 20. Nxg5 {[%clk 01:07:44]} {[%emt 00:00:06]} Rf5 {[%clk 01:04:32]}
{[%emt 00:01:09]} 21. h4 {[%clk 01:07:43]} {[%emt 00:00:31]} Rb8 {[%clk
00:57:58]} {[%emt 00:07:06]} 22. Rab1 {[%clk 01:05:00]} {[%emt 00:03:12]} a5
{[%clk 00:58:13]} {[%emt 00:00:15]} 23. a3 {[%clk 01:03:38]} {[%emt 00:01:52]}
Qd6 {[%clk 00:57:51]} {[%emt 00:00:51]} 24. Qc2 {[%clk 01:03:07]} {[%emt
00:01:01]} Nd8 {[%clk 00:57:18]} {[%emt 00:01:04]} 25. c5 {[%clk 01:02:57]}
{[%emt 00:00:40]} Qc6 {[%clk 00:57:26]} {[%emt 00:00:21]} 26. Re1 {[%clk
01:02:18]} {[%emt 00:01:10]} Qd5 {[%clk 00:54:30]} {[%emt 00:03:24]} 27. Qe2
{[%clk 01:00:57]} {[%emt 00:01:50]} g6 {[%clk 00:53:40]} {[%emt 00:01:23]} 28.
g4 {[%clk 01:00:32]} {[%emt 00:00:54]} hxg4 {[%clk 00:51:55]} {[%emt 00:02:15]}
29. Qxg4 {[%clk 01:00:49]} {[%emt 00:00:13]} Rf4 {[%clk 00:46:43]} {[%emt
00:05:43]} 30. Qg3 {[%clk 00:59:53]} {[%emt 00:01:25]} Qxc5 {[%emt 00:01:07]}
31. Nxe6 {[%clk 00:59:43]} {[%emt 00:00:38]} Nxe6 {[%clk 00:45:32]} {[%emt
00:01:06]} 32. Qxg6+ {[%clk 00:59:05]} {[%emt 00:01:08]} Ng7 {[%clk 00:45:27]}
{[%emt 00:00:35]} 33. h5 {[%clk 00:59:26]} {[%emt 00:00:09]} Qe7 {[%clk
00:44:05]} {[%emt 00:01:51]} 34. h6 {[%clk 00:59:31]} {[%emt 00:00:26]} Qd7
{[%clk 00:44:08]} {[%emt 00:00:28]} 35. f3 {[%clk 00:58:56]} {[%emt 00:01:04]}
Rxf3 {[%clk 00:43:22]} {[%emt 00:01:16]} 36. Rxe5 {[%clk 00:58:18]} {[%emt
00:01:08]} Rf4 {[%clk 00:43:13]} {[%emt 00:00:40]} 37. Rg5 {[%clk 00:57:48]}
{[%emt 00:00:59]} Qf7 {[%clk 00:42:41]} {[%emt 00:01:02]} 38. Qxg7+ {[%clk
00:56:04]} {[%emt 00:02:14]} Qxg7 {[%clk 00:43:04]} {[%emt 00:00:08]} 39. Rxg7+
{[%clk 00:55:51]} {[%emt 00:00:42]} Kh8 {[%clk 00:43:22]} {[%emt 00:00:13]} 40.
Rc1 {[%clk 00:55:51]} {[%emt 00:00:29]} Rxb2 {[%clk 00:40:23]} {[%emt
00:03:30]} 41. Rcxc7 {[%clk 00:55:25]} {[%emt 00:00:56]} Rbf2 {[%clk 00:39:47]}
{[%emt 00:01:06]} 42. Rh7+ {[%clk 00:54:46]} {[%emt 00:01:09]} Kg8 {[%clk
00:39:41]} {[%emt 00:00:35]} 43. Rcg7+ {[%clk 00:55:11]} {[%emt 00:00:04]} Kf8
{[%clk 00:40:00]} {[%emt 00:00:12]} 44. Rh8# {[%clk 00:55:09]} {[%emt
00:00:01]} 1-0

[Event "DEM U10 2024"]
[Site "Willingen GER"]
[Date "2024.05.25"]
[Round "11"]
[White "Rössling, Johannes"]
[Black "Dutta, Nikhil"]
[Result "1-0"]
[Termination "normal"]
[Board "26"]
[WhiteElo "1579"]
[BlackElo "1283"]
[WhiteClock "00:25:45"]
[BlackClock "00:58:01"]
[PlyCount "55"]
[WhiteFideId "34642773"]
[BlackFideId "34665501"]
[EventCountry "GER"]
[EventRounds "11"]
[EventType "swiss"]
[EventDate "2024.05.18"]

1. e4 {[%clk 01:15:59]} {[%emt 15:45:13]} c6 {[%clk 01:15:54]} {[%emt
00:00:07]} 2. d4 {[%clk 01:16:24]} {[%emt 00:00:04]} d5 {[%clk 01:16:19]}
{[%emt 00:00:05]} 3. exd5 {[%clk 01:16:46]} {[%emt 00:00:08]} cxd5 {[%clk
01:16:44]} {[%emt 00:00:06]} 4. Bd3 {[%clk 01:17:05]} {[%emt 00:00:09]} Nc6
{[%clk 01:17:09]} {[%emt 00:00:06]} 5. c3 {[%clk 01:17:26]} {[%emt 00:00:09]}
Nf6 {[%clk 01:17:34]} {[%emt 00:00:05]} 6. Bf4 {[%clk 01:17:44]} {[%emt
00:00:11]} Bg4 {[%clk 01:15:46]} {[%emt 00:02:18]} 7. Qb3 {[%clk 01:18:06]}
{[%emt 00:00:08]} Na5 {[%clk 01:15:54]} {[%emt 00:00:23]} 8. Qc2 {[%clk
01:10:03]} {[%emt 00:08:32]} e6 {[%clk 01:15:47]} {[%emt 00:00:38]} 9. Nd2
{[%clk 01:09:38]} {[%emt 00:00:56]} Nc6 {[%clk 01:15:15]} {[%emt 00:01:01]} 10.
Ngf3 {[%clk 01:09:15]} {[%emt 00:00:52]} Bxf3 {[%clk 01:15:11]} {[%emt
00:00:34]} 11. Nxf3 {[%clk 01:09:37]} {[%emt 00:00:09]} Bd6 {[%clk 01:15:35]}
{[%emt 00:00:06]} 12. Bxd6 {[%clk 01:09:30]} {[%emt 00:00:37]} Qxd6 {[%clk
01:16:00]} {[%emt 00:00:06]} 13. O-O {[%clk 01:09:30]} {[%emt 00:00:29]} O-O
{[%clk 01:16:10]} {[%emt 00:00:20]} 14. Rae1 {[%clk 01:09:42]} {[%emt
00:00:18]} Rac8 {[%clk 01:16:05]} {[%emt 00:00:35]} 15. Ne5 {[%clk 01:10:01]}
{[%emt 00:00:11]} Nxd4 {[%clk 01:15:44]} {[%emt 00:00:51]} 16. Qd2 {[%clk
01:07:54]} {[%emt 00:02:33]} Nc6 {[%clk 01:15:44]} {[%emt 00:00:34]} 17. f4
{[%clk 01:06:07]} {[%emt 00:02:17]} Rfd8 {[%clk 01:10:15]} {[%emt 00:05:58]}
18. Kh1 {[%clk 00:59:48]} {[%emt 00:06:50]} Nd7 {[%clk 01:07:59]} {[%emt
00:02:46]} 19. Bxh7+ {[%clk 00:58:12]} {[%emt 00:02:06]} Kf8 {[%clk 01:05:23]}
{[%emt 00:03:06]} 20. Nf3 {[%clk 00:47:26]} {[%emt 00:11:16]} Nf6 {[%emt
00:00:52]} 21. Bc2 {[%clk 00:46:58]} {[%emt 00:00:56]} Qc7 {[%clk 01:04:49]}
{[%emt 00:00:44]} 22. Ng5 {[%clk 00:45:36]} {[%emt 00:01:52]} d4 {[%clk
01:03:36]} {[%emt 00:01:43]} 23. c4 {[%clk 00:38:47]} {[%emt 00:07:19]} Ng4
{[%clk 01:01:21]} {[%emt 00:02:42]} 24. Qd3 {[%clk 00:27:48]} {[%emt 00:11:23]}
Nf6 {[%clk 00:58:52]} {[%emt 00:03:06]} 25. Rxe6 {[%clk 00:25:47]} {[%emt
00:02:33]} Nb4 {[%clk 00:58:59]} {[%emt 00:00:24]} 26. Qh3 {[%clk 00:25:40]}
{[%emt 00:00:34]} Nxc2 {[%clk 00:57:37]} {[%emt 00:01:55]} 27. Qh8+ {[%clk
00:25:51]} {[%emt 00:00:18]} Ng8 {[%clk 00:58:01]} {[%emt 00:00:06]} 28. Nh7#
{[%clk 00:25:45]} {[%emt 00:00:05]} 1-0

[Event "DEM U10 2024"]
[Site "Willingen GER"]
[Date "2024.05.25"]
[Round "11"]
[White "Köbel, John"]
[Black "Seegebrecht, Johann"]
[Result "1/2-1/2"]
[Termination "normal"]
[Board "28"]
[WhiteElo "1110"]
[BlackElo "1421"]
[WhiteClock "01:18:33"]
[BlackClock "00:41:48"]
[PlyCount "77"]
[WhiteFideId "34641394"]
[BlackFideId "34655115"]
[EventCountry "GER"]
[EventRounds "11"]
[EventType "swiss"]
[EventDate "2024.05.18"]

1. c4 {[%clk 01:15:52]} {[%emt 00:00:07]} e5 {[%clk 01:15:54]} {[%emt
00:00:07]} 2. g3 {[%clk 01:16:13]} {[%emt 00:00:09]} d6 {[%clk 01:16:03]}
{[%emt 00:00:21]} 3. Bg2 {[%clk 01:16:34]} {[%emt 00:00:10]} f5 {[%clk
01:16:20]} {[%emt 00:00:12]} 4. d3 {[%clk 01:16:45]} {[%emt 00:00:19]} Nf6
{[%clk 01:16:34]} {[%emt 00:00:17]} 5. Nc3 {[%clk 01:17:07]} {[%emt 00:00:07]}
g6 {[%clk 01:15:57]} {[%emt 00:01:07]} 6. e4 {[%clk 01:17:28]} {[%emt
00:00:09]} Bg7 {[%clk 01:16:09]} {[%emt 00:00:17]} 7. Nge2 {[%clk 01:17:39]}
{[%emt 00:00:20]} O-O {[%clk 01:16:09]} {[%emt 00:00:31]} 8. f4 {[%clk
01:17:28]} {[%emt 00:00:41]} Nc6 {[%clk 01:11:46]} {[%emt 00:04:52]} 9. Be3
{[%clk 01:17:38]} {[%emt 00:00:20]} Be6 {[%clk 01:08:43]} {[%emt 00:03:33]} 10.
h3 {[%clk 01:17:18]} {[%emt 00:00:49]} Qd7 {[%clk 01:06:56]} {[%emt 00:02:18]}
11. Qd2 {[%clk 01:17:03]} {[%emt 00:00:45]} Rab8 {[%clk 00:59:52]} {[%emt
00:07:34]} 12. d4 {[%clk 01:16:46]} {[%emt 00:00:47]} exd4 {[%clk 00:59:25]}
{[%emt 00:00:56]} 13. Nxd4 {[%clk 01:17:06]} {[%emt 00:00:10]} Nxd4 {[%clk
00:58:43]} {[%emt 00:01:13]} 14. Bxd4 {[%clk 01:17:15]} {[%emt 00:00:21]} Bxc4
{[%clk 00:58:52]} {[%emt 00:00:21]} 15. Bxf6 {[%clk 01:16:18]} {[%emt
00:01:27]} Bxf6 {[%clk 00:58:34]} {[%emt 00:00:48]} 16. e5 {[%clk 01:16:32]}
{[%emt 00:00:16]} Bg7 {[%clk 00:56:14]} {[%emt 00:02:50]} 17. Bd5+ {[%clk
01:16:49]} {[%emt 00:00:13]} Bxd5 {[%clk 00:56:28]} {[%emt 00:00:15]} 18. Nxd5
{[%clk 01:17:15]} {[%emt 00:00:05]} Qd8 {[%clk 00:54:52]} {[%emt 00:02:05]} 19.
exd6 {[%clk 01:17:15]} {[%emt 00:00:30]} Qxd6 {[%clk 00:54:47]} {[%emt
00:00:36]} 20. O-O-O {[%clk 01:16:48]} {[%emt 00:00:56]} Qc5+ {[%clk 00:47:31]}
{[%emt 00:07:47]} 21. Kb1 {[%clk 01:16:34]} {[%emt 00:00:44]} Rf7 {[%clk
00:44:23]} {[%emt 00:03:39]} 22. Rhe1 {[%clk 01:16:20]} {[%emt 00:00:43]} Rd8
{[%clk 00:44:17]} {[%emt 00:00:36]} 23. Ne7+ {[%clk 01:16:06]} {[%emt
00:00:44]} Qxe7 {[%clk 00:39:23]} {[%emt 00:05:23]} 24. Qxd8+ {[%clk 01:16:17]}
{[%emt 00:00:18]} Qxd8 {[%clk 00:39:38]} {[%emt 00:00:17]} 25. Rxd8+ {[%clk
01:16:41]} {[%emt 00:00:06]} Bf8 {[%clk 00:39:11]} {[%emt 00:00:57]} 26. g4
{[%clk 01:15:57]} {[%emt 00:01:13]} fxg4 {[%clk 00:39:32]} {[%emt 00:00:09]}
27. hxg4 {[%clk 01:16:18]} {[%emt 00:00:10]} Rxf4 {[%clk 00:39:57]} {[%emt
00:00:05]} 28. Rd7 {[%clk 01:16:34]} {[%emt 00:00:13]} Rxg4 {[%clk 00:40:00]}
{[%emt 00:00:28]} 29. Rxc7 {[%clk 01:16:57]} {[%emt 00:00:07]} Rb4 {[%clk
00:39:56]} {[%emt 00:00:34]} 30. Re8 {[%clk 01:16:54]} {[%emt 00:00:32]} h5
{[%clk 00:40:15]} {[%emt 00:00:12]} 31. Rcc8 {[%clk 01:16:53]} {[%emt
00:00:32]} Rf4 {[%clk 00:40:33]} {[%emt 00:00:12]} 32. Kc2 {[%clk 01:17:18]}
{[%emt 00:00:05]} h4 {[%clk 00:40:57]} {[%emt 00:00:06]} 33. Kd2 {[%clk
01:17:42]} {[%emt 00:00:06]} h3 {[%clk 00:41:21]} {[%emt 00:00:06]} 34. Rc1
{[%clk 01:17:58]} {[%emt 00:00:14]} Rh4 {[%clk 00:41:44]} {[%emt 00:00:06]} 35.
Rf1 {[%clk 01:18:11]} {[%emt 00:00:17]} Kg7 {[%clk 00:41:13]} {[%emt 00:01:02]}
36. Rexf8 {[%clk 01:18:17]} {[%emt 00:00:23]} h2 {[%clk 00:41:35]} {[%emt
00:00:07]} 37. R8f7+ {[%clk 01:18:39]} {[%emt 00:00:09]} Kh6 {[%clk 00:41:48]}
{[%emt 00:00:17]} 38. Rf8 {[%clk 01:18:41]} {[%emt 00:00:28]} Kg5 {[%clk
00:41:48]} {[%emt 00:00:30]} 39. Rh1 {[%clk 01:18:33]} {[%emt 00:00:38]}
1/2-1/2